Edo no parodī ehon /

Saved in:
Bibliographic Details
Other Authors: Koike, Masatane, 1930-
Format: Book
Language:Japanese
Published: Tōkyō : Shakai Shisōsha, 1980-1983.
Edition:Shohan.
Series:Gendai kyōyō bunko ; 1037-1040.
Subjects:
Tags: Add Tag
No Tags, Be the first to tag this record!
LEADER 01500cam a2200373 a 4500
001 003052257-9
005 20024617115255.0
008 880122m19801983ja a b 000 0 jpn d
035 0 |a ocm17377308 
035 0 |a ocm17377308  |z ocm22520557 
040 |a OU  |c OU  |d NN  |d MH-HY  |d CStRLIN 
043 |a a-ja--- 
245 0 0 |6 880-01  |a Edo no parodī ehon /  |c Koike Masatane ... [et al.] hen. 
250 |6 880-02  |a Shohan. 
260 |6 880-03  |a Tōkyō :  |b Shakai Shisōsha,  |c 1980-1983. 
300 |a 4 v. :  |b ill. ;  |c 15 cm. 
490 1 |6 880-04  |a Gendai kyōyō bunko ;  |v 1037-1040 
504 |a Includes bibliographies. 
505 0 |6 880-05  |a 1. Shoki kibyōshishū -- 2. Zenseiki kibyōshishū -- 3. Henkakuki kibyōshishū -- 4. Makki kibyōshishū. 
650 0 |a Japanese fiction  |y Edo period, 1600-1868. 
630 0 0 |6 880-06  |a Kibyōshi-bon. 
700 1 |6 880-07  |a Koike, Masatane,  |d 1930- 
740 0 |a Edo no gisaku ehon. 
880 0 0 |6 245-01  |a 江戶の戯作絵本 /  |c 小池正胤 ... [et al.] 編. 
880 |6 250-02  |a 初版. 
880 |6 260-03  |a 東京 :  |b 社会思想社,  |c 1980-1983. 
880 1 |6 490-04  |a 現代教養文庫 ;  |v 1037-1040 
880 0 |6 505-05  |a 1. 初期黄表紙集 -- 2. 全盛期黄表紙集 -- 3. 変革期黄表紙集 -- 4. 末期黄表紙集. 
880 0 0 |6 630-06  |a 黄表紙本. 
880 1 |6 700-07  |a 小池正胤,  |d 1930- 
830 0 |6 880-54  |a Gendai kyōyō bunko ;  |v 1037-1040. 
880 0 |6 830-54  |a 現代教養文庫 ;  |v 1037-1040. 
988 |a 20021209 
906 |0 OCLC